00684nam a22001697a 4500008004000000020001500040050002100055245015700076250001100233260001800244260004800262260005500310300003000365504003800395650004100433700004000474130912t mx||||| |||| 00| 0 spa d a968508775X04aHM1271bI58 200600aInvestigar la diversidad cultural : bTeoría, conceptos y métodos de investigación para la educación y el desarrollo/ cBarbara Rogoff...[et al] a1a ed. bITESO :c2006 aMéxico : bUniversidad de Colima, c2006 aMéxico : bUniversidad Iberoamericana : c2006 a192 p. : bil. ; c22 cm. aIncluye bibliografía e índice 4aMulticulturalismo xInvestigación 1 aRogoff, Barbara,...[et al],ecoaut.